000
00306nam a22001337a 4500
008
170526b xxu||||| |||| 00| 0 eng d
020
_a
9780132209915
041
_a
eng
080
_2
7TH
_a
621(075.8)
100
_a
27
101
_a
IM
245
_a
MECHANICS OF MATERIALS
_c
HIBBELER, R.C
942
_2
udc
_c
BK
999
_c
14469
_d
14469